A case approach to the right of re-entry. (Record no. 60439)

MARC details
000 -LEADER
fixed length control field 00926cam a2200193 4500
001 - CONTROL NUMBER
control field ABS60792
008 - FIXED-LENGTH DATA ELEMENTS--GENERAL INFORMATION
fixed length control field 000000n1999 000 0 eng u
035 ## - SYSTEM CONTROL NUMBER
System control number (Sirsi) u101288
100 ## - MAIN ENTRY--PERSONAL NAME
Personal name Shea, C.
245 #2 - TITLE STATEMENT
Title A case approach to the right of re-entry.
260 ## - PUBLICATION, DISTRIBUTION, ETC.
Date of publication, distribution, etc. 1999
490 ## - SERIES STATEMENT
Series statement Property Week
Volume/sequential designation 64(25) 25 June 1999, 69(1)
520 ## - SUMMARY, ETC.
Summary, etc. Examines the case "In re Lomax Leisure Ltd" where it was judged that a peaceable re-entry to end a lease where a petition for an administration order had been presented but the order not yet made was not a step to enforce security over the company's property, and therefore the re-entry was valid. Discusses other 'self-help' remedies for landlords which are not looked upon so kindly in the insolvency legislation.
650 ## - SUBJECT ADDED ENTRY--TOPICAL TERM
Topical term or geographic name entry element ADMINISTRATION ORDERS
650 ## - SUBJECT ADDED ENTRY--TOPICAL TERM
Topical term or geographic name entry element Insolvency
9 (RLIN) 6247
690 ## - LOCAL SUBJECT ADDED ENTRY--TOPICAL TERM (OCLC, RLIN)
Topical term or geographic name as entry element LANDLORD AND TENANT-BUSINESS TENANCIES
700 ## - ADDED ENTRY--PERSONAL NAME
Personal name Tanney, A.
942 ## - ADDED ENTRY ELEMENTS (KOHA)
Suppress in OPAC 0
Holdings
Withdrawn status Lost status Source of classification or shelving scheme Damaged status Not for loan Home library Current library Shelving location Date acquired Total Checkouts Full call number Barcode Date last seen Copy number Price effective from Koha item type
    Dewey Decimal Classification     London London Journal article 03/11/1999   ABS60792 101288-1001 06/08/2019 1 06/08/2019 Journal article